Catalog

Record Details

Catalog Search



Devil's prize : Garrick Cover Image Book Book

Devil's prize : Garrick/ Kat Martin.

Martin, Kat.: (author).

Summary:

HER VIRTUE COMES AT A HIGH COST At a gaming table where he cheated Lady Alexa Garrick out of a fortune, Damien, Lord Falon, made a scandalous proposal to the exquisite young heiress ― one night in his bed would discharge her debt. Yet, as he claimed his prize, the handsome earl fought a craving for more than Alexa's body. When a twist of fate turned seduction into matrimony, rapture and rage warred within him. How could he love the woman whose flirtation had destroyed his brother? HIS PRICELESS…Alexa knew of Damien's French blood, scandalous liaisons, and the whispers that branded him a smuggler. Though she was playing with fire, the dark, devil-earl's hungry embrace plucked at her heartstrings with a haunting song of desire. But how could she be sure whether Damien was drawing her into a web of danger and deceit…or offering her his true and lasting love? "

Record details

  • ISBN: 0312532598
  • ISBN: 9780312532598
  • ISBN: 9781250041401
  • ISBN: 1250041406
  • Physical Description: 388 pages ; 18 cm
  • Edition: St. Martin's Paperbacks ed.
  • Publisher: New York : St. Martin's Paperbacks, ©1995.
Subject: Gaming tables > Fiction.
Debt > Fiction.
Marriage > Fiction.
Smuggler > Fiction.
London (England) > Social life and customs > 19th century > Fiction.
Paris (France) > Social life and customs > 19th century > Fiction.
Genre: Romance fiction.
Historical fiction.

Available copies

  • 1 of 1 copy available at scottsboropl.

Holds

  • 0 current holds with 1 total copy.
Show Only Available Copies
Location Call Number / Copy Notes Barcode Shelving Location Status Due Date
scottsboropl F Mar 32269001116188 Adult - Fiction Available -

LDR 01905nam a2200337Ia 4500
001151177
003SBPL
00520190516072436.0
008950531s1995 nyu 000 1 eng d
020 . ‡a0312532598 ‡q(pbk.)
020 . ‡a9780312532598 ‡q(pbk.)
020 . ‡a9781250041401 ‡q(pbk.)
020 . ‡a1250041406 ‡q(pbk.)
035 . ‡a(CONS)151177
035 . ‡a(OCoLC)32575364
050 4. ‡aPS3563.A7245 ‡bD48 1995x
08204. ‡a813/.54
1001 . ‡aMartin, Kat.: ‡eauthor
24510. ‡aDevil's prize : ‡bGarrick/ ‡cKat Martin.
250 . ‡aSt. Martin's Paperbacks ed.
260 . ‡aNew York : ‡bSt. Martin's Paperbacks, ‡c©1995.
300 . ‡a388 pages ; ‡c18 cm
336 . ‡atext ‡btxt ‡2rdacontent
337 . ‡aunmediated ‡bn ‡2rdamedia
338 . ‡avolume ‡bnc ‡2rdacarrier
4900 . ‡aGarrick ; ‡vBk 3
520 . ‡aHER VIRTUE COMES AT A HIGH COST At a gaming table where he cheated Lady Alexa Garrick out of a fortune, Damien, Lord Falon, made a scandalous proposal to the exquisite young heiress ― one night in his bed would discharge her debt. Yet, as he claimed his prize, the handsome earl fought a craving for more than Alexa's body. When a twist of fate turned seduction into matrimony, rapture and rage warred within him. How could he love the woman whose flirtation had destroyed his brother? HIS PRICELESS…Alexa knew of Damien's French blood, scandalous liaisons, and the whispers that branded him a smuggler. Though she was playing with fire, the dark, devil-earl's hungry embrace plucked at her heartstrings with a haunting song of desire. But how could she be sure whether Damien was drawing her into a web of danger and deceit…or offering her his true and lasting love? "
650 0. ‡aGaming tables ‡vFiction.
650 0. ‡aDebt ‡vFiction.
650 0. ‡aMarriage ‡vFiction.
650 0. ‡aSmuggler ‡vFiction.
651 0. ‡aLondon (England) ‡xSocial life and customs ‡y19th century ‡vFiction.
651 0. ‡aParis (France) ‡xSocial life and customs ‡y19th century ‡vFiction.
655 7. ‡aRomance fiction. ‡2lcgft
655 7. ‡aHistorical fiction. ‡2lcgft
8000 . ‡aGarrick ; ‡vBk 3
901 . ‡a151177 ‡bUnknown ‡c151177 ‡tbiblio

Additional Resources